书目信息 |
| 题名: |
我的伯父周恩来
|
|
| 作者: | 周秉德 著 | |
| 分册: | ||
| 出版信息: | 外文出版 2008.01 |
|
| 页数: | 366页 | |
| 开本: | 22cm | |
| 丛书名: | ||
| 单 册: | ||
| 中图分类: | K827=73 | |
| 科图分类: | ||
| 主题词: | 人物--传记--中国 | |
| 电子资源: | ||
| ISBN: | 978-7-119-05282-3 | |
| 000 | 00633nam0 2200229 45 | |
| 001 | 0949938436 | |
| 005 | 20091026151718.98 | |
| 010 | @a978-7-119-05282-3@dCNY148.00 | |
| 100 | @a20090515d2008 ekmy0 y0120 ea | |
| 102 | @aCN@b130000 | |
| 102 | @aCN@b110000 | |
| 105 | @ay z 000yy | |
| 200 | 1 | @a我的伯父周恩来@Awo de bo fu zhou en lai@f周秉德著@Fzhou bing de zhu |
| 210 | @c外文出版@d2008.01 | |
| 210 | @a北京@c外文出版社 | |
| 215 | @a366页@d22cm | |
| 606 | 0 | @a人物@x传记@x中国 |
| 690 | @aK827=73@v4 | |
| 701 | 0 | @a周秉德@Azhou bing de@4著 |
| 801 | 0 | @aCN@c20091026 |
| 905 | @a10447@dK827=73@eZ750 | |
| 906 | @d148@n1@r1 | |
| 我的伯父周恩来/周秉德著.-外文出版,2008.01.-北京:外文出版社 |
| 366页;22cm |
| ISBN 978-7-119-05282-3:CNY148.00 |
| ● |
| 相关链接 |
|
|
|
正题名:我的伯父周恩来
索取号:K827=73/Z750
 
预约/预借
| 序号 | 登录号 | 条形码 | 馆藏地/架位号 | 状态 | 备注 |
| 1 | 894767 | 208947675 | 社科库309/309社科库 59排2列5层/ [索取号:K827=73/Z750] | 在馆 |